书目信息 |
| 题名: |
技术创新管理
|
|
| 作者: | 王毅 , 吴贵生 主编 | |
| 分册: | ||
| 出版信息: | 北京 清华大学出版社 2013 |
|
| 页数: | 432页 | |
| 开本: | 26cm | |
| 丛书名: | ||
| 单 册: | ||
| 中图分类: | F273.1 | |
| 科图分类: | ||
| 主题词: | 企业管理 , 技术革新 , 企业管理--技术革新--高等教育--教材 | |
| 电子资源: | ||
| ISBN: | 978-7-302-33857-4 | |
| 000 | 01037nam0 2200289 450 | |
| 001 | 139034 | |
| 005 | 20140903093833.78 | |
| 010 | @a978-7-302-33857-4@dCNY 45.00 | |
| 100 | @a20131205d2013 em y0chiy50 ea | |
| 101 | 0 | @achi |
| 102 | @aCN@b110000 | |
| 105 | @ay z 000yy | |
| 200 | 1 | @a技术创新管理@Aji shu chuang xin guan li@b专著@dManagement of technological innovation@f吴贵生,王毅主编@zeng |
| 205 | @a3版 | |
| 210 | @a北京@c清华大学出版社@d2013 | |
| 215 | @a432页@d26cm | |
| 300 | @a北京高等教育精品教材 21世纪清华MBA精品教材 清华大学“985三期”名优教材 | |
| 330 | @a本书分为技术创新理论、技术创新决策、技术创新过程管理和技术创新要素管理四篇,系统介绍了企业技术创新管理的理论和方法。 | |
| 510 | 1 | @aManagement of technological innovation@zeng |
| 606 | 0 | @a企业管理 |
| 606 | 0 | @a技术革新 |
| 606 | 0 | @a企业管理@x技术革新@x高等教育@j教材 |
| 690 | @aF273.1@v5 | |
| 701 | 0 | @a王毅@Awang yi@c(管理学博士)@4主编 |
| 701 | 0 | @a吴贵生@Awu gui sheng@f(1947 )@4主编 |
| 801 | 0 | @c20140903 |
| 905 | @a241430@dF273.1@eW780 | |
| 技术创新管理=Management of technological innovation/吴贵生,王毅主编.-3版.-北京:清华大学出版社,2013 |
| 432页;26cm |
| 北京高等教育精品教材 21世纪清华MBA精品教材 清华大学“985三期”名优教材 |
| ISBN 978-7-302-33857-4:CNY 45.00 |
| 本书分为技术创新理论、技术创新决策、技术创新过程管理和技术创新要素管理四篇,系统介绍了企业技术创新管理的理论和方法。 |
| ● |
| 相关链接 |
|
|
|
正题名:技术创新管理
索取号:F273.1/W780
 
预约/预借
| 序号 | 登录号 | 条形码 | 馆藏地/架位号 | 状态 | 备注 |
| 1 | 0828434 | 208284346 | 社科库409/409社科库 91排4列3层/ [索取号:F273.1/W780] | 在馆 | |
| 2 | 0828435 | 208284355 | 社科库409/409社科库 91排4列3层/ [索取号:F273.1/W780] | 在馆 | |
| 3 | 0828436 | 208284364 | 社科库409/409社科库 91排4列3层/ [索取号:F273.1/W780] | 在馆 |